Normal view
MARC view
- Judaism
Entry Topical Term
001 - CONTROL NUMBER
- control field: 5795
003 - CONTROL NUMBER IDENTIFIER
- control field: NUST
005 - DATE AND TIME OF LATEST TRANSACTION
- control field: 20171031180547.0
008 - FIXED-LENGTH DATA ELEMENTS
- fixed length control field: 171031|| aca||aabn | a|a d
040 ## - CATALOGING SOURCE
- Original cataloging agency: NUST
- Transcribing agency: NUST
150 ## - HEADING--TOPICAL TERM
- Topical term or geographic name entry element: Judaism
- General subdivision: History of doctrines.
670 ## - SOURCE DATA FOUND
- Source citation: Work cat.: (NUST)0: Armstrong, Karen, 1944- 945, A history of God :, 1993.
